| 000 | 00484nam a22001697a 4500 | ||
|---|---|---|---|
| 082 | _aBESE-2 | ||
| 100 |
_aAwais Imran _992955 |
||
| 245 | _aQuarterbapp relevance-aware sports app | ||
| 260 |
_aIslamabad _bNUST-SEECS _c2015 |
||
| 300 |
_a54 _eCD Include |
||
| 500 | _aDr. Tahir Azim, Faisal Khan | ||
| 700 |
_aAkif Hazarvi _992956 |
||
| 700 |
_aTahir Azim _955469 |
||
| 700 |
_aFaisal Khan _992211 |
||
| 856 | _uhttp://10.250.8.41:8080/xmlui/handle/123456789/8416 | ||
| 942 |
_cPR _2ddc |
||
| 999 |
_c13276 _d13276 |
||